| 000 | 00366 a2200145 4500 | ||
|---|---|---|---|
| 001 | 155454 | ||
| 040 | _cEscola São Tomás de Aquino | ||
| 100 | _aALENCAR, Eunice Soriano de | ||
| 240 | 1 | 0 |
_aComo desenvolver o potencial criador _lpor |
| 245 | 1 | 0 | _aComo desenvolver o potencial criador |
| 362 | 0 | _a2016 | |
| 440 | 1 | _aVozes | |
| 697 | _aEducação | ||
| 942 | _cBK | ||
| 999 |
_c155454 _d155454 |
||